[Event "George Marx Memorial 3rd"]
[Site "Paks"]
[Date "2005.06.16"]
[Round "5"]
[White "Almasi, Zoltan"]
[Black "Kortschnoj, Viktor Lvovich"]
[Result "1/2-1/2"]
[WhiteElo "2628"]
[BlackElo "2619"]
[Annotator "Lukacs,P"]
[PlyCount "84"]
[EventDate "2005.06.12"]
[EventType "tourn"]
[EventRounds "10"]
[EventCountry "HUN"]
[EventCategory "15"]
[SourceTitle "CBM 108"]
[Source "ChessBase"]
[SourceDate "2005.09.26"]
[SourceVersion "1"]
[SourceVersionDate "2005.09.26"]
[SourceQuality "1"]

1. e4 e5 2. Nf3 Nc6 3. Bc4 Bc5 4. c3 Nf6 5. d3 a6 6. Bb3 d6 7. Nbd2 O-O 8. O-O
Ba7 9. h3 Be6 {This is a solid system, Black simply wants to exchange the
"Spanish" B.} 10. Re1 h6 11. Nf1 d5 (11... Re8 {is a good preparatory move for
d6-d5.} 12. Be3 Bxe3 (12... d5 {Yudasin-Adams, EU Cup final 14th Belgrade 1999
CBM 69}) (12... Bxb3 {Kaidanov-Malaniuk, WchT 4th Luzern 1997 CBM 62}) 13. Nxe3
d5 {Adams-Anand, Wijk aan Zee 2000 CBM 075}) 12. exd5 (12. Qe2 Re8 (12... dxe4
13. dxe4 Bxb3 14. axb3 Qe7 {This P structure is good for Black, the weakness
of f5 is not a big deal.} 15. Ng3 Rad8 16. Nh4 Qd6 17. Nh5 (17. Nhf5 $1 Qe6 $13
(17... Qd3 {can be met by} 18. Nh5 $1 Nxh5 (18... Bxf2+ $2 19. Qxf2 Nxh5 20.
Bxh6 $40) 19. Qxh5 $36)) 17... Nxh5 18. Qxh5 Qf6 19. Nf5 Ne7 20. Nxe7+ Qxe7 {
exchanging White's active knights.} 21. Be3 Bxe3 22. Rxe3 Rd2 23. Re2 Rfd8 {
Black has a strong pressure on the only opened d <->.} 24. Rae1 Qg5 $15 {
Yarulina-Yakovich, Serpukhov 2003}) 13. Ng3 Qd7 14. Nh2 {/\ Qf3, Nf5, Ng4} Rad8
15. Qf3 dxe4 16. dxe4 Qd3 17. Bxe6 fxe6 {The doubled pawns control all the
vital central squares depriving the white knights from their strongholds.} 18.
Ngf1 Rd7 19. Be3 Bxe3 20. Qxe3 $132 {1/2-1/2 Klinova-Koskela, Bled 2002}) 12...
Nxd5 13. N1h2 (13. Nxe5 $2 {is parried by} Nxe5 14. Rxe5 Bxf2+ $1 15. Kh1 c6 $1
$13) (13. Ng3 Re8 14. Re4 $5 (14. Nxe5 $4 Nxe5 15. Rxe5 {is again punished by}
Bxf2+ $1 16. Kh2 Bxg3+ 17. Kxg3 Qd6 $19) 14... Qd6 $13 {looks more flexible.} (
14... f5 $6 {weakening >< e5 a bit.} 15. Re1 $1 {looks more harmoniously.} (15.
Re2 $143 Qf6 16. Nh5 (16. Qe1 $2 Bf7 $15 {and White cannot strengthen the
pressure on >< e5, Unzicker-Lukacs, Budapest 1993.}) 16... Qg6 17. Rxe5 $1 Nxe5
18. Nxe5 Qh7 19. d4 $44) 15... Qd6 (15... Qf6 $2 {loses the P after} 16. Nh5 $1
Qg6 17. Nxe5 Nxe5 18. Rxe5 $16) 16. Qe2 Rad8 $13)) 13... Qd6 14. Ng4 Bxg4 (
14... f6 {runs into the typical central blow after} 15. d4 $1 Rad8 (15... e4
16. Rxe4 f5 {is answered by the typical exchange sacrifice} 17. Rxe6 $1 Qxe6
18. Ne3 Nce7 19. Nxd5 Nxd5 20. Bf4 $14) (15... exd4 $2 {loses material after}
16. c4 $1 $16) 16. dxe5 (16. c4 Nde7 17. c5 (17. d5 $2 Bxg4 18. hxg4 Nd4 $15)
17... Qd7 $13) 16... Nxe5 17. Ngxe5 fxe5 18. Qe2 $14 {targeting the isolani on
e5.}) 15. hxg4 {White has now the important ^^.} Rad8 16. g5 h5 (16... hxg5 17.
Bxg5 {This is the natural developing move.} (17. Nxg5 Nf6 18. Ne4 Nxe4 19. Rxe4
Qxd3 20. Qg4 $1 Rd6 $1 $13) 17... Nf6 18. Bc2 {Modest, but useful.} (18. Bh4
Qxd3 19. Qxd3 Rxd3 20. Bc4 Rdd8 21. Nxe5 Nxe5 22. Rxe5 Rd2 23. Re2 Rxe2 24.
Bxe2 Ne4 $11) 18... Rd7 19. Qe2 $14) 17. Qe2 Rd7 (17... Rfe8 18. Qe4 g6 19. Bd2
Nde7 20. d4 {White has to open up the position for his ^^.} exd4 21. Rad1 $14)
18. Bd2 (18. Bc2 Re8 19. Qe4 $14) 18... Nde7 19. Bc2 $14 ({Forcing matters
leads nowhere after} 19. Nxe5 Nxe5 20. Qxe5 Qxd3 $1 (20... Qxe5 21. Rxe5 Rxd3
22. Rxe7 Rxd2 23. Rf1 $16) 21. Rad1 (21. Be3 Bxe3 22. Rxe3 Qf5 23. Rae1 Qxe5
24. Rxe5 Ng6 25. R5e2 Rfd8 $11) 21... Ng6 22. Qa5 Bb6 23. Qa4 Qf5 $13) 19...
Ng6 20. Rad1 Qd5 21. a3 $5 {White bulids up his position slowly but surely.}
Re7 (21... Rfd8 22. Bc1 $14) 22. Bc1 Rfe8 (22... Rd8 23. Qe4) 23. Qe4 $1 Qd7 (
23... Qxe4 24. dxe4 $14 {where both black knights are out of play, and the
light-squared B becomes a super-power.}) 24. Bb3 Kf8 25. Be3 Bxe3 26. fxe3 {
White exchanges the ^^, but changes the P structure to his favour.} Qd6 (26...
Qg4 $2 27. Qxg4 hxg4 28. Nh2 g3 29. Nf1 $16 {and the P will fall.}) 27. Kf2 $5
(27. Nh4 Nxh4 28. Qxh4 g6 29. g4 $16 {was the clear-cut way for the ->.}) 27...
Nd8 28. Ba2 {/\ b4 gaining space on the other flank, too.} Ne6 29. b4 c5 30.
Rh1 cxb4 31. cxb4 Rc7 32. Rd2 Rc3 {Black's counterplay on the c <-> is not
frightening.} 33. Rxh5 Rd8 34. Nh4 (34. Qxb7 {was also possible, for example:}
Rd7 (34... Rxa3 35. Nh4 Kg8 36. Nxg6 fxg6 37. Rh3 Rxa2 38. Rxa2 Nxg5 39. Rh4
Qxd3 40. Qc6 Rf8+ 41. Kg3 Qxe3+ 42. Kh2) (34... Rxd3 35. Rxd3 Qxd3 36. Bxe6
fxe6 37. Rh7 Rd7 38. Qc8+) 35. Qa8+ Rd8 36. Qe4 Rxa3 37. Nh4 $1 $40) 34... Rxd3
$2 {[%mdl 8192] [#]} (34... Nxh4 35. Bxe6 (35. Qxh4 g6 36. Rh8+ Ke7) 35... Qxe6
36. Rxh4 Rxa3 37. Rh8+ Ke7 38. Rxd8 (38. Qxb7+ Qd7 39. Qxd7+ Rxd7) 38... Kxd8
39. Qxb7 Ra2 (39... Qf5+ 40. Qf3) 40. Rxa2 Qxa2+ 41. Kf3 Qe6 $14 {and there
are always practical chances in a Q _|_.}) 35. Nxg6+ $4 ({missing the win of a
piece after} 35. Rxd3 Qxd3 36. Qxd3 Rxd3 37. Bxe6 Nxh4 38. Bc4 $1 $18) 35...
fxg6 36. Rh8+ (36. Rxd3 Qxd3) 36... Ke7 37. Rxd3 (37. Re8+ Kxe8 38. Qxg6+ Kf8
39. Qf5+ Ke7 40. Rxd3 Rf8 41. Qxf8+ Nxf8 42. Rxd6 Kxd6 43. Kf3 Ng6 44. Kg4 Ne7
$11) 37... Qxd3 38. Qxd3 Rxd3 39. Bxe6 Kxe6 {The R _|_ is draw, as usual.} 40.
Rb8 Rxa3 41. Rxb7 Kf5 42. Rxg7 Ra4 1/2-1/2

[Event "Minneapolis HB Global op"]
[Site "Minneapolis"]
[Date "2005.05.20"]
[Round "5"]
[White "Kudrin, Sergey"]
[Black "Goldin, Alexander"]
[Result "1-0"]
[WhiteElo "2554"]
[BlackElo "2615"]
[Annotator "Lukacs,P"]
[PlyCount "101"]
[EventDate "2005.05.18"]
[EventType "swiss"]
[EventRounds "9"]
[EventCountry "USA"]
[SourceTitle "CBM 107"]
[Source "ChessBase"]
[SourceDate "2005.08.01"]
[SourceVersion "1"]
[SourceVersionDate "2005.08.01"]
[SourceQuality "1"]

1. e4 e5 2. Nf3 Nc6 3. Bc4 Bc5 4. c3 Nf6 5. d3 a6 6. O-O Ba7 7. Bb3 h6 {
Since 8.Bg5 is not a big deal, he can opt for} (7... d6 {as well.}) 8. Nbd2 O-O
9. Re1 d6 10. Nf1 Ne7 {/\ Ng6} 11. Ng3 Ng6 12. h3 {/\ d4} Be6 {Black wants to
exchange White`s dangerous B.} (12... Re8 {is the other plan inserting more
pressure on e4.} 13. d4 c6 $5 (13... Bd7 {/\ Bc6 attacking >< e4.} 14. Be3 (14.
Bd2 Bc6 (14... Nh7 {is not logical.} 15. Nf5) (14... c5 {is similar to the Ruy
Lopez ideas, where the "bad" B on a7 may become strong, for example:} 15. d5 (
15. dxc5 Bxc5 $11) (15. dxe5 dxe5 16. Qc1 Qc7 $11) 15... b5 16. Bc2 c4 17. Be3
{The exchange of the dark-squared B is a strategical achievement for Black.}
Bxe3 18. fxe3 Qb6 $11 {Xie Jun-Sermek, Beijing 1997 CBM 61}) 15. dxe5 dxe5 16.
Qc1 {with some threats against >< h6.}) 14... Bc6 (14... Qe7 $5 15. Qd2 Kh7 16.
Rad1 Be6 17. Bc2 {White wants to keep the tension avoiding the exchange of his
"Ruy Lopez" B.} Qf8 18. Nh2 (18. Nf5 $5) 18... Kg8 19. Kh1 (19. b3 $6 {creates
some targets for Black on the <<.} a5 $1 20. Rf1 Qe7 21. Kh1 a4 22. f4 axb3 23.
axb3 exf4 24. Bxf4 Nh7 25. Be3 Bb6 26. Rde1 (26. Ra1) 26... Ra2 $132 {Vic
Ivanov-Notkin, RUS Cup 1998 CBM63})) 15. Bc2 exd4 16. Bxd4 {White cannot take
back with the P, this is the main idea of Black.} Nf4 17. Bxa7 (17. Qd2 $6 Ne6
$13) 17... Rxa7 18. Nd4 {(Dolmatov-Razuvaev, SU-ch 1980)} Bd7 $14) (13... b5
14. Bd2 $5 {This innocent-looking move contains more venom than it looks at
first sight.} (14. a4 {1/2:1/2 Sermek-Sasikiran, Goodricke op 2002}) 14... Bb7
15. dxe5 dxe5 16. Qc1 {/\ Bxh6!} Bc8 17. Bxh6 gxh6 18. Qxh6 $40 {with a
dangerous -> for White, V.Atlas-Lutz, Ptuj zt 1995.}) 14. Be3 (14. Bc2 {
preparing against} Be6 {and White`s advantage in the [+] is undeniable.} 15.
Be3 Qc7 16. Qd2 Rad8 17. Nf5 {Black has serious problems with his weaknesses
g7 and h6.} d5 18. exd5 Rxd5 19. Nxg7 $1 {This is the point!} Kxg7 20. Bxh6+
Kh8 21. Bxg6 fxg6 22. Qg5 $16 {Anisimov-Lugovoi, RUS-chT Tomsk 2001}) 14... Qc7
(14... exd4 15. Bxd4 Bb8 {looks a bit sophysticated.} 16. Nh2 Bc7 17. Ng4 Nxg4
18. hxg4 Qg5 19. Nf5 d5 20. Be3 Bf4 21. Bxf4 Nxf4 22. Qf3 $14 {
Stefansson-Hjartarson, ISL-ch 1996}) 15. Qd2 Kh7 (15... Be6 16. Bc2 {- 12...Be6
}) 16. Bc2 Be6 {- 12...Be6}) (12... c6 13. d4 Qc7 (13... Re8 {- 12...Re8}) 14.
Be3 Re8 (14... b5 15. Qd2 $16 {Gipslis-Ruderfer, SU 1979}) (14... exd4 15. Nxd4
(15. cxd4 {was already possible.}) 15... Re8 16. Ndf5 Bxe3 17. Rxe3 Bxf5 18.
Nxf5 Rad8 19. Qf3 $14 {and the white B is strong, A.Rodriguez-Van Riemsdijk,
American Continental 2001.}) 15. Qd2 {- 12...Re8}) (12... Nh7 13. d4 Qf6 14.
Be3 (14. Nh5 {The N is not well-placed here.} Qe7 15. Be3 Ng5 16. Bc2 (16. Nxg5
hxg5 17. Ng3 Nf4 18. Nf5 Qf6 $11) 16... Bd7 17. Ng3 Qf6 18. Nf5 Nxf3+ 19. Qxf3
Kh8 20. Rad1 Be6 21. Qh5 Rfe8 22. Bb1 Nf8 23. Kh2 Nh7 24. Ng3 Nf8 $11 {
Ledger-Howell, GBR-ch 2002}) 14... Ng5 15. Nh2 (15. Nxg5 hxg5) 15... Nf4 {
Black has a counterplay on the dark squares.} 16. h4 Nge6 $5 (16... Nh7 {
The N is outplaced here.} 17. dxe5 dxe5 18. Bxa7 Rxa7 19. Ng4 Qxh4 20. Nxe5 Ra8
(20... Ng5 $6 21. Nf5 $1 (21. Re3 Ra8 22. Nf3 Qg4 $11 {Nevednichy-Cozianu,
ROM-chT 1998}) 21... Ngh3+ 22. gxh3 Nxh3+ 23. Kg2 Nf4+ 24. Kf3 Qh3+ 25. Ng3 $18
))) (12... Bd7 13. d4 Re8 {- 12...Re8} (13... Qe8 {doesn`t look very esthetic.}
14. Nh2 $5 (14. Be3 $14) 14... Rd8 15. Ng4 Nxg4 16. hxg4 exd4 17. cxd4 c5 18.
g5 hxg5 19. Bxg5 cxd4 20. Qh5 $16 {Beshukov-Aleksandrov, Krasnodar 1995 CBM 47}
)) 13. d4 (13. Be3 {may only lead to mass exchanges.} Bxe3 14. Rxe3 Nh7 15. d4
Qf6 16. Nf5 Rad8 17. Qc2 Kh8 18. Rd1 Nf4 19. Kh2 Bc8 $13 {Okhotnik-Zoler, Graz
op 2002}) (13. Bc2 {avoiding the exchange of the important B.} Nh7 14. d4 c6
15. Be3 Re8 16. Qd2 Qf6 17. d5 {deserves attention changing the P structure.} (
17. Nh2 Ng5 18. Nf5 Nxe4 19. Nxh6+ gxh6 20. Bxe4 exd4 21. cxd4 {
(Alekseev-Shinkevich, RUS-Cup Togliatti 2001)} Bxh3 22. Bxh6 Be6 $13) 17...
cxd5 (17... Bd7 18. dxc6 bxc6 19. Rad1 $14) 18. Bxa7 Rxa7 19. exd5 Bd7 20. Nh5
Qe7 21. Bxg6 fxg6 22. Ng3 $14) 13... c6 (13... Qc8 14. Bc2 (14. Be3 Rd8 15. Qc2
c5 16. Bxe6 {In the Ruy Lopez P structure the exchange of the light-squared B
usually helps for White.} Qxe6 17. d5 Qd7 18. c4 b5 19. b3 $14 {White has a
space advantage and the a7 B is entombbed, Leko-Piket, Amber-blind rapid 2002.}
) 14... Re8 15. Be3 c5 (15... Bd7 $2 {Black has lost the thread.} 16. Qd2 Kh7
17. Rad1 Bc6 18. c4 $1 $16 {Vorobiov-Cvek, Pardubice 2002}) (15... Nh7) 16. Qd2
(16. d5 Bd7 17. c4 b5 18. b3 Bb6) 16... Qc7 17. d5 Bc8 18. Nf5 (18. c4 b5 19.
Bd3 Bb6 20. Rec1 $14) 18... Bxf5 (18... c4 19. Bxh6 $1) 19. exf5 e4 (19... Nf8
20. c4) 20. Nh2 Nf8 21. Ng4 Qd8 22. Nxf6+ Qxf6 23. Bf4 $14 {Sutovski-Goldin,
Rishon le Zion 1995}) (13... Qd7 14. Be3 (14. d5 $2 {provokes the big threat of
} Bxh3 $1 15. gxh3 Qxh3 $40) 14... exd4 15. Bxd4 (15. cxd4 d5 16. Ne5 (16. e5
Ne4) 16... Nxe5 17. dxe5 Nxe4 18. Bxa7 Rxa7 19. Nxe4 dxe4 20. Qxd7 Bxd7 21.
Rxe4 c5 22. Rd1 b5 $11) 15... Bxd4 16. Nxd4 (16. cxd4 $5) 16... Bxb3 17. Qxb3
Rfe8 18. Rad1 b6 19. Qc2 $14 {Kuczynski-Socko, POL-ch 1997}) (13... Bxb3 14.
Qxb3 Qd7 15. Qc2 Rfe8 16. Be3 Qc6 17. Rad1 b5 18. Qb1 $14 {Kudrin-Garcia
Padron, Las Palmas op 1989}) 14. Bc2 Re8 15. Be3 Qc7 16. Qd2 (16. Nh2 Rad8 17.
Nf5 d5 $1 18. exd5 Nxd5 19. Qf3 Bxf5 20. Qxf5 exd4 21. cxd4 c5 22. dxc5 Nxe3
23. fxe3 Qxc5 $11 {Klinova-Podgaets, Hoogeveen 1999}) (16. Qc1 $13) 16... Rad8
(16... Kh7 $142 {looks more caotious.} 17. Nf5 (17. Rad1 Rad8 $11) 17... Bxf5
$1 (17... Ng8 18. Nh2 $1 {White has to continue his assault on the >>.} (18.
Rad1 {is less impressive.} Rad8 19. Qc1 Kh8 20. h4 exd4 21. N3xd4 Bxf5 22. Nxf5
Bxe3 23. Rxe3 Nf6 24. Rde1 Re5 25. g3 d5 $11 {Perez-Gomez, Capablanca mem
Premier 1 2004}) 18... Rad8 19. Ng4 {Both white knights look excellent.} N6e7
20. Rad1 Bb8 21. a3 Kh8 22. f4 $16 {Schmaltz-Richter, GER-ch Internet blitz
2004}) 18. exf5 Nf8 19. dxe5 Bxe3 (19... dxe5 20. Bxa7 Rxa7 21. Qe3 Raa8 22.
Nxe5 {- 19...Bxe3}) 20. Qxe3 (20. Rxe3 dxe5 21. Rae1 N8d7 22. Nh2 Nb6 23. Qe2
Nbd5 24. Rg3 e4 $15 {De la Paz-Lugo, Havana op 1994}) 20... dxe5 21. Rad1 (21.
Nxe5 {runs into the pin on the e file.} N6d7 $1 (21... N8d7 22. f4 Re7 23. Qg3
$14 {Macieja-Golod, Ponormo 2001}) 22. Nxd7 (22. f4 f6 $17) (22. f6+ $2 Ng6 23.
f4 gxf6 $17 {1/2:1/2 Yudasin-Knezevic, Trnava 1983}) 22... Rxe3 23. Nxf8+ Rxf8
24. Rxe3 $11 {Macieja})) 17. Nf5 $1 (17. Rad1 {allows the equalizing push} d5
$1 18. Nxe5 (18. Qc1 dxe4 19. Nxe5 Nxe5 20. dxe5 Bxe3 21. Qxe3 Rxd1 22. Bxd1
Qxe5 $15 {Zuriel-Sorin, Villa Ballester op 2001}) 18... Nxe5 19. Bf4 Bxh3 20.
Bxe5 Rxe5 21. dxe5 Qxe5 $13 {Kudrin-Kosten, London 1988}) 17... d5 {[#]} (17...
Bxf5 18. exf5 Ne7 {is already met by the devastating blow} 19. Bxh6 $1 gxh6 20.
Qxh6 $18) 18. Bxh6 $1 {[%mdl 128] The sharp tactical battle begins!} (18. exd5
Rxd5 19. Nxg7 $1 {is the other version of the ->.} Kxg7 20. Bxh6+ Kh8 21. Bxg6
fxg6 22. Qg5 Nh7 23. Qxg6 $16 {Anisimov-Lugovoi, RUS-chT Tomsk 2001}) 18...
Nxe4 (18... dxe4 19. Nxg7 $1 exf3 20. Nxe8 Rxe8 21. Qg5 Nh7 22. Qh5 $16) 19.
Bxe4 dxe4 20. Nxg7 exf3 21. Nh5 $1 {This is an improvement on} (21. Qg5 Qe7 $1
22. Nxe6 Qxe6 (22... Qxg5 $2 23. Nxg5 fxg2 (23... exd4 24. Nxf3) 24. Ne4 Re6
25. Bg5 Ra8 26. dxe5 Nxe5 27. Kxg2 $16 {A.Rodriguez-Sorin, Pico City op 1996})
23. Rxe5 Qd6 24. Rae1 Rxe5 25. dxe5 Qe7 $15 {and the white -> is repelled.})
21... f6 $1 (21... exd4 22. Qg5 $1 $18) (21... e4 22. Qg5 $1 $18) (21... Bb8
22. Qg5 $1 $18) (21... Qe7 $5 22. Bg5 (22. Bg7 $5 Qh4 $1 (22... Nf4 23. Bf6 $18
) 23. Qh6 Qxh5 24. Qxh5 Kxg7) 22... Qf8 23. Nf6+ (23. Bh6 Qe7 $11) 23... Kh8
24. Bh6 Qe7 25. Qg5 $1 $18) 22. Nxf6+ Kf7 (22... Kh8 23. Qg5 Qf7 24. dxe5 $40 (
24. Qh5 Nf4 $1)) 23. Nxe8 Rxe8 24. Qd3 fxg2 (24... exd4 25. Qxf3+ Kg8 26. cxd4
Qf7) 25. Rxe5 Bb8 (25... Nxe5 $4 26. Qh7+ $18) 26. Rae1 Re7 (26... Rh8 27. Qf3+
Kg8 28. Qf6 $18) 27. Bg5 Re8 $2 (27... Nxe5 28. Rxe5 Ke8 29. f4 $16) 28. f4 $18
{From now on the game contains some errors which makes it rather confusing!}
Bd7 29. Rxe8 Be6 30. Bh6 Kxe8 31. Qd2 $2 Kf7 32. Re3 Ba7 $2 33. Rf3 Kg8 34. Re3
Kf7 35. Re1 Kg8 36. Ra1 Qd7 37. Qd3 Kf7 38. Qf3 Qc7 39. Bg5 Kg7 40. Bh6+ Kf7
41. Bg5 Ke8 42. Bf6 Qf7 43. Bg5 Qc7 44. Bh6 Kf7 45. Re1 Ke8 46. Re3 Kf7 47. Re1
Ke8 48. h4 Kd7 49. h5 Kc8 50. Ra1 Qd7 51. Qd1 1-0

[Event "BCF-ch 89th"]
[Site "Torquay"]
[Date "2002.07.29"]
[Round "1"]
[White "Lee, Graham D"]
[Black "Flear, Glenn C"]
[Result "1/2-1/2"]
[WhiteElo "2361"]
[BlackElo "2538"]
[Annotator "Lukacs,P"]
[PlyCount "149"]
[EventDate "2002.07.29"]
[EventType "swiss"]
[EventRounds "11"]
[EventCountry "ENG"]
[SourceTitle "CBM 091"]
[Source "ChessBase"]
[SourceDate "2002.11.12"]
[SourceVersion "1"]
[SourceVersionDate "2002.11.12"]
[SourceQuality "1"]

1. e4 e5 2. Nf3 Nc6 3. Bc4 Bc5 4. c3 Nf6 5. d4 exd4 6. cxd4 Bb4+ 7. Bd2 Nxe4 $5
{This well-forgotten line contains venom, as GM Flear has demonstrated in some
of his games.} (7... Bxd2+ {is the popular theoretical main line with equal
chances.}) 8. Bxb4 Nxb4 9. Bxf7+ Kxf7 10. Qb3+ d5 $5 (10... Kf8 11. Qxb4+ Qe7
12. Qxe7+ Kxe7 {If Black can finish his development the _|_ cannot be worse
for him.} 13. O-O (13. Na3 d6 14. O-O Re8 15. Rfe1 Kd8 16. Nc4 b6 17. d5 Bb7
18. Rad1 Nf6 19. Ne3 Kd7 $15 {Coleman-Parker, Monarch Assurance 1999}) (13. Nc3
Nxc3 14. bxc3 d6 {White's P structure is rather corrupted.} 15. Kd2 Be6 (15...
Bg4 16. Rhe1+ Kd7 17. Ng5 h6 18. Ne4 Rhf8 $15 {Herbrechtsmeier-Flear, FRA-chT
France 2001}) 16. Rhe1 Kd7 17. Ng5 Bc4 18. a3 a5 $15 {Van Haastert-Parker,
Hotafrancs op 2001}) 13... Re8 14. Re1 (14. Na3 d6 {- 13 Na3}) 14... Kf8 (14...
Kd8 $5 15. Ne5 (15. Nc3 Nxc3 16. bxc3 d6) 15... d5) 15. Na3 (15. Nc3 Nxc3 16.
bxc3 Rxe1+ 17. Rxe1 d6 18. d5 Bd7 19. Ng5 h6 20. Ne6+ Bxe6 21. Rxe6 Re8 $11 {
Leygue-Flear, Creon op 1999}) 15... Nf6 (15... d5 16. Nb5 Re7 $11) 16. Nb5 Nd5
17. Rxe8+ Kxe8 18. Re1+ Kf8 19. Rc1 c6 20. Nd6 Ke7 {and White cannot keep his
stronghold on d6.} 21. Nf5+ Kf6 22. Nd6 Ke7 {1/2:1/2 Berlinsky-Motwani,
Istanbul ol (Men) 2000}) 11. Ne5+ (11. Qxb4 Re8 12. O-O (12. Ne5+ Kg8 $11)
12... c6 13. Nc3 Nf6 14. Rae1 Qb6 15. Qxb6 axb6 16. Rxe8 Nxe8 17. Re1 Nd6 $11 {
Zukertort-Steinitz, London 1872}) 11... Ke6 $1 {This is the brave decision
fighting with a "Steinitz K"!} (11... Kf6 $6 {(Albin-Tarrasch, Dresden 1892)}
12. f3 $1 $16 {Krause} Ng5 13. Qxb4 Qe7 14. Qd2 (14. Qxe7+ Kxe7 15. O-O c6 $11)
14... g6 15. Nc3 c6 16. O-O $14 {Hmadi-Norri, Moscow 1994}) (11... Kg8 {
and the h8 R is in trouble.} 12. Qxb4 Qf6 13. O-O g6 14. Nc3 $14) 12. Qxb4 c5
$5 {Black wants more than an equal _|_.} (12... Qf8 13. Qxf8 (13. Nd3 $6 {
is punished by} Nxf2 $1 14. O-O Qxb4 15. Nxb4 Ne4) 13... Rxf8 14. f3 Nd6 15.
Nc3 Nf5 16. O-O-O c6 $11 {Rossolimo-Addison, New York 1965}) 13. Qa3 cxd4 $142
(13... Qf8 14. O-O cxd4 15. Nf3 Qxa3 16. Nxa3 Bd7 17. Nb5 Bxb5 18. Nxd4+ Ke5
19. Nxb5 Rac8 20. f3 Rc5 21. a4 a6 {(Schjonsby-Moen, Namses 1995)} 22. b4 $5
Rcc8 23. Na7 $1 Ra8 24. fxe4 $14) 14. Nf3 Qb6 15. O-O Kf7 16. Nbd2 (16. Ne5+
Kf6 $5 (16... Ke6 17. Nf3 Kf7 $11 {Levenfish}) 17. Nd3 Bf5 $15) 16... Re8 $1
$15 {and the black K is more or less safe.} (16... Nxd2 17. Nxd2 Re8 18. Qf3+
Kg8 19. Rfe1 Be6 20. Nb3 Bf7) 17. Qb3 (17. Nb3 d3 18. Rad1 Bg4 19. Rxd3 Bxf3
20. Rxf3+ Kg8 $15) 17... Nxd2 18. Qxd5+ (18. Nxd2 Kg8 19. Qxd5+ (19. Rfe1 Be6
$17) 19... Be6 $17) 18... Be6 19. Qh5+ Kg8 20. Nxd2 Qxb2 21. Nf3 Bxa2 {Black
has annihilated White's whole <<, the win is only a matter of technique.} 22.
Qa5 Re2 (22... Be6 23. Rab1 Qc3) 23. Rad1 Qc3 (23... b6 $1 {was the clear-cut
win, for example:} 24. Qa6 Rf8 25. Qxa7 (25. Rxd4 Be6 26. Rb4 (26. Qxa7 Rxf3)
26... Qxb4 27. Qxe2 Bd5 $19) 25... Bd5 $19) 24. Qb5 Bc4 $6 ({Still} 24... Rae8
$1 {was very tempting:} 25. Nxd4 Re1 {/\ Bc4}) 25. Qxb7 Rae8 $6 (25... Rd8 26.
Qxa7 d3) 26. Qxa7 (26. Rc1 $5 Rc2 27. Rce1 $132) 26... R2e7 27. Qxd4 Qxd4 28.
Nxd4 Bxf1 29. Rxf1 {This is already a theoretically drawish _|_, but White has
to defend himself very carefully.} Rd7 30. Nf3 h6 31. h4 Red8 32. g3 Rd1 {
The exchange of rooks is a vital part of Black's strategy.} 33. Rxd1 Rxd1+ 34.
Kg2 Kf7 35. Ng1 Ke6 36. Nh3 Kf5 37. Nf4 Ra1 38. Kf3 Ra3+ 39. Kg2 Ke4 40. Ne6
Ra7 41. Nf4 Rf7 42. Nh3 Kd3 43. Kf1 Rf5 44. Kg2 Ke4 45. Kf1 Ra5 46. Kg2 Rb5 47.
Nf4 Ra5 48. Nh3 Ra2 49. Nf4 g5 50. hxg5 hxg5 51. Ne6 Ra5 52. g4 Re5 53. f3+ Ke3
54. Ng7 Rd5 55. Kg3 Ra5 56. Ne6 Re5 57. Ng7 Ke2 58. Nf5 Rd5 59. Ng7 Ra5 (59...
Rd3 60. Ne6 Rxf3+ 61. Kg2 $11) 60. Kg2 Re5 61. Nh5 Ke3 62. Kg3 Ra5 63. f4 Ra1
64. fxg5 Rg1+ 65. Kh4 Kf3 66. g6 Rxg4+ 67. Kh3 Rxg6 68. Kh4 Rg4+ 69. Kh3 Ra4
70. Nf6 Rf4 71. Nh5 Rg4 72. Nf6 Rd4 73. Nh5 Rd6 74. Kh4 Rg6 75. Kh3 1/2-1/2